Представление документа в формате RUSMARC

ПолеНазваниеЗначение
  Тип записи a
  Библиографический уровень a
001 Контрольный номер RU/CBS_UL/BASE/557437087
005 Дата корректировки 20240209175215.8
100 Данные общей обработки __
a Данные общей обработки 20170830d2017 ||| 0rusy0189 ca
101 Язык документа 0_
a Язык текста rus
102 Страна публикации __
a Страна публикации RU
105 Кодированные данные (монография) __
a Кодированные данные (монография) y###||||000|y
200 Заглавие и сведения об ответственности 1_
a Заглавие "Голубой вагон" остановился в Троицке
b Общее обозначение материала Текст
e Сведения, относящиеся к заглавию [на вопросы журнала ответил детский писатель Эдуард Успенский]
f Первые сведения об ответственности Т. Тюрина
300 Общие примечания __
a Общие примечания Ограничения по возрасту - 16+
461 Уровень набора _0
1 2000
a Клуб
463 Уровень физической единицы _0
1 001RU/CBS_UL/BASE/551207022
1 2000
a № 6
v С. 19-20 : цв. фото
1 210
d 2017
600 Персоналии _0
a Персоналии (Фамилия) Успенский
b Персоналии (Имя, инициалы) Э.Н.
606 Тематические рубрики 0_
a Основная рубрика Успенский, Эдуард Николаевич (1937) - Интервью
y Географическая подрубрика Троицк, город (Московская область)
610 Ключевые слова 0_
a Ключевые слова литература
a Ключевые слова литература российская
a Ключевые слова детская литература
a Ключевые слова литература детская
a Ключевые слова литературоведение
a Ключевые слова российское литературоведение
610 Ключевые слова 0_
a Ключевые слова писатели
a Ключевые слова писатели российские
a Ключевые слова писатели детские
a Ключевые слова российские детские писатели
a Ключевые слова детские литературные герои
a Ключевые слова герои литератерные детские
a Ключевые слова детские писатели российские
686 Индексы других классификаций __
a Классификационный индекс 83.3(2Рос=Рус)6
2 Код системы ББК
700 Автор _1
a Фамилия Тюрина
b Имя (инициалы) Т.
801 Источник записи _0
a Страна RU
b Организация МБУК ЦБС г. Ульяновска
c Дата составления 20170830
g Правила каталогизации RCR
801 Источник записи _1
a Страна RU
b Организация МБУК ЦБС г. Ульяновска
c Дата составления 20170830
g Правила каталогизации RCR
901 Тип документа __
t Тип документа b
w Контрольный № источника RU/CBS_UL/BASE/551207022
910 Корректоры записи __
a Корректор записи admin2
938 Служебная информация __
a Имя БД period